| 000 | 00548nam a2200169 a 4500 | ||
|---|---|---|---|
| 005 | 20140412111409.0 | ||
| 008 | 070214s19uu xx 00 eng d | ||
| 020 | _a078685869-9 | ||
| 050 |
_aTR(PS E _bFa21 2000 |
||
| 245 |
_aFamily storybook library, bk. 4 : _bSay what you mean and mean what you say. |
||
| 260 |
_aNew york : _bDisney press, _c2000. |
||
| 300 | _a19 | ||
| 440 | _aDisneys family storybook library | ||
| 520 | _aStories about honesty and integrity title includes Peter pan and pinocchio | ||
| 650 | _aFables | ||
| 999 |
_c105637 _d105637 |
||